000 00387nam a2200169Ia 4500
008 110201s9999 xx 000 0 und d
082 _bB5700
_aE 181 A
100 _aDinah Dean
245 _aThe Ice King
260 _bThe philips park press
365 _b0
600 _aDinah Dean
630 _aThe Ice King
700 _aDinah Dean
730 _aThe Ice King
942 _cBOOK
999 _c831461
_d831458